| 000 | 00701nam a2200241 i 4500 | ||
|---|---|---|---|
| 001 | 77472 | ||
| 003 | ES-MaACL | ||
| 005 | 20250803093741.0 | ||
| 007 | t| | ||
| 008 | 041018s2002 sp ||||1| spa d | ||
| 020 | _a84-95889-33-1 | ||
| 040 | _cES-MaACL | ||
| 080 | _a946.027(089.3) | ||
| 100 | 1 |
_aDíaz-Plaja, Fernando, _d1918-2012 _944396 _eaut |
|
| 245 | 1 | 0 |
_aMadrid desde (casi) el cielo / _cFernando Díaz-Plaja. |
| 260 |
_aMadrid : _bLa Librería, _c[2002] |
||
| 300 |
_a250 p. ; _c21 cm. |
||
| 651 | 4 |
_aMadrid- _xCuriosidades _98951 |
|
| 852 |
_aES-MaACL _jL-28274 _bR.134209 _cDEPO2 |
||
| 942 |
_cMONOGRAFIA _n0 |
||
| 999 |
_c77472 _d77472 |
||